000 00470nam a22001697a 4500
005 20260324164656.0
008 260324b |||||||| |||| 00| 0 eng d
037 _cDSWL
040 _aDSWL
_cDSWL
041 _heng
245 _aGreen health
260 _aNew Delhi,
_bSage Publication,
_c2011
300 _a562p
365 _aGBP
_b80.00
942 _2CC
_cTEXL
_n0
999 _c1843466
_d1843466